000
00342nam a22001577a 4500
003
OSt
008
221020b |||||||| |||| 00| 0 eng d
041
_a
eng
082
_a
621.43
_b
MAL/IN
100
_a
Maleev
_9
5277
245
_a
Internal combustion engines
250
_a
2nd
260
_b
Mcgraw hill
_c
1973
300
_a
636
942
_c
BK
999
_c
17560
_d
17560